[Event "88th GER-ch Men 2017"]
[Site "Apolda"]
[Date "2017.06.26"]
[Round "4"]
[White "Schneider, Jana"]
[Black "Dobierzin, Olaf"]
[Result "1-0"]
[WhiteElo "2270"]
[BlackElo "2020"]
[Annotator "TA"]
[PlyCount "101"]
[EventDate "2017.??.??"]
[EventType "swiss"]
[EventCountry "GER"]
[SourceTitle "playchess.com"]
[Source "ChessBase"]
[SourceQuality "1"]

{[%evp 18,101,6,6,6,11,14,-39,-7,-37,-45,-82,-62,-48,-54,-93,-89,-96,-96,-113,0,0,0,-23,31,37,66,-14,0,0,0,0,53,45,31,32,183,8,83,90,84,91,158,133,197,205,199,188,248,122,124,0,0,-44,0,0,0,0,20,17,25,0,0,0,22,0,93,79,39,44,145,141,152,110,5273,5265,5257,5197,29979,29980,29979,29980,29978,29979,29977,29979]} 1. e4 c5 2. Nf3 d6 3. d4 cxd4 4. Nxd4 Nf6 5. Nc3 Nc6 6. Bb5 Bd7 7. Bg5 e6 8. Bxc6 Bxc6 9. Nxc6 {B62: Sicilian: Richter-Rauzer: 6...e6: Unusual White 7th moves} bxc6 10. e5 {LiveBook: 5 Games. Qf3 is the strong threat.} Qa5 (10... dxe5 11. Qf3 e4 12. Nxe4 Qa5+ 13. Nc3 Nd5 14. O-O Be7 15. Bd2 Qc7 16. Ne2 Bf6 {0-1 (50) Zawadzka,J (2434)-Kovalevskaya,E (2450) Chakvi 2015}) 11. Bxf6 {The position is equal.} gxf6 12. O-O $146 (12. exf6 $11 Rb8 13. O-O) ({Predecessor:} 12. exd6 Qe5+ 13. Qe2 Bxd6 14. O-O-O Rb8 15. Qxe5 Bxe5 16. Rd3 Ke7 {½-½ (48) Szczepkowska,K (2293)-Czarnota,D (2214) Krakow 2008}) 12... Qxe5 13. Re1 (13. Qf3 $5 {[%cal Rf3c6]} d5 14. Rae1 $15) 13... Qf5 14. Qd4 Be7 15. Qa4 Qc5 16. Ne4 Qb6 17. Rad1 d5 18. Ng3 Kd7 (18... h5 $17) 19. c4 $36 {[%mdl 2048] Black is under pressure.} Qb4 20. Qc2 Rac8 (20... Rab8 $11) 21. a3 $14 Qb6 {[#]} 22. Qa4 (22. Nf5 $1 $14 {[%mdl 512]}) 22... Kc7 23. cxd5 cxd5 24. Rd3 {Strongly threatening Rc1+.} Bc5 (24... Kd8 $11) 25. Qf4+ {[%mdl 1024] White has compensation.} e5 26. Qd2 Bd4 $2 ({Better is} 26... d4 $14) 27. b4 $2 (27. Nf5 $18) 27... Kd7 (27... Kb7 $11) 28. Nf5 $16 {[%cal Rf5d4]} Rc4 29. Ne3 Bxe3 ({Black should play} 29... Rhc8) 30. Rxd5+ ({Not} 30. fxe3 d4 $15) 30... Ke6 (30... Kc8 $16 31. fxe3 (31. Rxe3 Rd8 $16) 31... Rd8) 31. fxe3 $18 {And now Rd1 would win.} Rhc8 {[#] aiming for ...Rc2.} 32. Rd1 $1 Rd4 (32... Ke7 $142 33. Rd6 R4c6 34. Rd7+ Kf8) 33. exd4 (33. Rxd4 $18 {and the rest is easy. Threatening mate with Rd6+.} exd4 34. exd4) 33... Kxd5 {[%mdl 4096] Endgame KQR-KQR} 34. Qf2 ({White should try} 34. Kh1 $16 e4 35. Qe2) 34... Ke6 $1 $11 35. Kh1 Rd8 {[%cal Rd8d4]} (35... Qxd4 {is more complex.} 36. Qe2 Qc4 37. Qd2 Qc6 38. h3 a6) 36. Qa2+ Ke7 37. d5 Rd6 38. Qc4 Kd7 39. Qg4+ Ke7 40. Qc4 Kd7 41. Qd3 h6 (41... Ke7 $11) 42. Qh3+ Ke7 43. Qxh6 Qb5 (43... a5 $14) 44. Qc1 a6 ({Don't play} 44... Rxd5 $6 45. Rxd5 Qxd5 46. Qc5+ Ke6 47. Qxa7 $11) 45. h4 {[%cal Bh2h4,Bh4h5,Bh5h6][%mdl 32]} Rxd5 $2 {[%mdl 8192]} (45... Qe2 $16) 46. Rxd5 $18 Qxd5 $16 {KQ-KQ} 47. Qc5+ Ke6 {[#]} 48. Qxd5+ $1 {White mates.} Kxd5 49. h5 e4 50. h6 e3 51. Kg1 {Precision: White = 49%, Black = 24%.} 1-0

[Event "88th GER-ch Men 2017"]
[Site "Apolda"]
[Date "2017.06.26"]
[Round "4"]
[White "Tonndorf, Matthias"]
[Black "Langheinrich, Ferenc"]
[Result "0-1"]
[WhiteElo "2256"]
[BlackElo "2363"]
[Annotator "TA"]
[PlyCount "66"]
[EventDate "2017.??.??"]
[EventType "swiss"]
[EventCountry "GER"]
[SourceTitle "playchess.com"]
[Source "ChessBase"]
[SourceQuality "1"]

{[%evp 9,66,-29,-12,-18,-14,-27,10,8,9,7,51,64,60,66,139,139,131,134,134,132,119,119,121,0,14,0,115,-3,-3,-4,0,0,-3,-289,-287,-362,-370,-354,-343,-343,-350,-351,-336,-351,-288,-337,-339,-357,-348,-357,-267,-519,-534,-484,-450,-452,-453,-895,-895]} 1. b3 e5 2. Bb2 Nc6 3. d3 (3. e3 Nf6 4. Bb5 Bd6 5. Na3 a6 6. Be2 Be7 7. Nc4 e4 8. d4 d5 9. Ne5 O-O 10. Nxc6 bxc6 11. c4 a5 12. Qc2 Bb4+ 13. Bc3 {1-0 (34) Vachier Lagrave,M (2796)-Anand,V (2786) Stavanger 2017}) 3... d5 4. Nf3 Bd6 5. g3 Nf6 6. Bg2 {A01: Nimzowitsch-Larsen Opening} O-O 7. Nbd2 e4 $146 ({Predecessor:} 7... Qe7 8. O-O h6 9. a3 a5 10. e4 dxe4 11. dxe4 Rd8 12. Nc4 b6 13. Qc1 Ba6 14. Nxd6 Rxd6 15. Re1 Re8 16. b4 Qe6 {1-0 (66) Saglione,E (2546)-Cordoba,H (2457) ICCF email 2010}) 8. Bxf6 {The position is equal.} Qxf6 9. dxe4 dxe4 (9... Re8 $5 {[%cal Rd5e4]} 10. exd5 Nb4 $11) 10. Nxe4 Bb4+ 11. c3 $1 Bxc3+ (11... Qe7 $1 $14) 12. Kf1 $16 Bxa1 13. Nxf6+ Bxf6 14. Qb1 Re8 15. h4 Bg4 16. e3 (16. Ng1 $16) 16... Rad8 $11 17. b4 a5 (17... Bc3 $11) 18. b5 (18. bxa5 $16 Bc3 19. Qc2 Bxa5 20. Kg1) 18... Ne5 19. Nd4 c5 20. bxc6 bxc6 21. Qc2 $2 {[%mdl 8192] [#]} (21. Bh3 $1 $11 {and White is okay.}) 21... c5 $1 $19 {[%cal Rc5d4][%mdl 512]} 22. Qxc5 {[#] aiming for Bd5.} Rc8 $1 {[%cal Rc8c5]} 23. Qa3 {[#]} Be7 $1 {[%cal Re7a3]} 24. Qxa5 {Bb7 is the strong threat.} Rc1+ 25. Qe1 Rxe1+ 26. Kxe1 Bb4+ 27. Kf1 Bc5 28. Nb3 Bb6 29. Be4 Be6 {Hoping for ...f5.} 30. h5 $2 (30. Nd4) 30... f5 {Black is clearly winning.} 31. Bc2 Bc4+ 32. Kg1 Bd5 33. Rh3 (33. Bxf5 $142 Nf3+ 34. Kf1) 33... Ra8 {Precision: White = 32%, Black = 65%.} 0-1

[Event "88th GER-ch Men 2017"]
[Site "Apolda"]
[Date "2017.06.26"]
[Round "4"]
[White "Bussard, Christian"]
[Black "Fuchs, Florian"]
[Result "1/2-1/2"]
[WhiteElo "2251"]
[BlackElo "2335"]
[Annotator "TA"]
[PlyCount "80"]
[EventDate "2017.??.??"]
[EventType "swiss"]
[EventCountry "GER"]
[SourceTitle "playchess.com"]
[Source "ChessBase"]
[SourceQuality "1"]

{[%evp 9,80,60,58,51,60,53,73,24,27,0,7,0,0,0,0,0,0,0,0,0,0,0,15,20,60,60,56,0,0,-8,0,0,17,17,17,0,0,0,0,0,0,2,63,63,63,63,63,62,62,62,62,62,62,55,62,62,62,62,62,62,62,62,62,0,0,0,0,0,0,0,0,0,0]} 1. d4 Nf6 2. Bg5 e6 3. e4 c5 4. d5 exd5 (4... h6 5. Bxf6 Qxf6 6. Nc3 a6 7. Nf3 e5 8. a4 d6 9. Be2 g6 10. O-O Bg7 11. Nd2 O-O 12. Nc4 {½-½ (38) Kanep,M (2485)-Piorun,K (2657) Tallinn 2016}) 5. exd5 d6 6. Qe2+ $146 {A45: Trompowsky Attack} ({Predecessor:} 6. Nc3 Be7 7. Nf3 O-O 8. Be2 h6 9. Bf4 Na6 10. O-O Nc7 11. a4 b6 12. a5 Rb8 13. axb6 axb6 14. Nb5 Ncxd5 15. Bg3 Bb7 16. c4 Nb4 17. Nxd6 Bc6 18. Nf5 {½-½ (75) Pixton,A (2462)-Sakalauskas,V (2437) playchess.com INT 2004}) 6... Qe7 7. Bxf6 gxf6 {[%cal Bg7f6,Bf6f5][%mdl 32]} 8. Qxe7+ {White is better.} Bxe7 9. Bd3 Nd7 {[%cal Bb8d7,Bd7b6,Bb6a4,Ba4c3][%mdl 32]} 10. f4 Nb6 11. c4 Na4 12. b3 f5 $1 13. Nd2 Bf6 14. Rc1 Nc3 15. Rc2 b5 16. Ne2 Nxe2 17. Kxe2 b4 18. Re1 (18. Nf1 $14) 18... O-O 19. Kf3 (19. a3 $5) 19... a5 20. Nf1 a4 21. Ng3 $36 {[%mdl 2048] White has the initiative.} Bh4 22. Ree2 axb3 23. axb3 Ra3 24. Rb2 Bxg3 25. Kxg3 Kg7 (25... Bd7 $11) 26. Re7 $14 Kf6 27. Rc7 Rd8 28. Kf2 Bd7 29. Bb1 Be8 30. Ke1 Rda8 31. Kd1 R8a7 32. Rxa7 Rxa7 {[%mdl 4096] Endgame KRB-KRB} 33. Re2 Bd7 34. Re3 Ra1 35. Kc1 Ra8 36. Rh3 (36. g3 $14) 36... Rg8 $1 $11 {The position is equal.} 37. g3 Kg7 38. Rh5 Re8 39. Kd2 h6 40. Bc2 Re7 {Precision: White = 65%, Black = 70%.} 1/2-1/2

[Event "88th GER-ch Men 2017"]
[Site "Apolda"]
[Date "2017.06.26"]
[Round "4"]
[White "Heimrath, Reiner"]
[Black "Hoefelsauer, Thomas"]
[Result "0-1"]
[WhiteElo "2231"]
[BlackElo "2395"]
[Annotator "TA"]
[PlyCount "116"]
[EventDate "2017.??.??"]
[EventType "swiss"]
[EventCountry "GER"]
[SourceTitle "playchess.com"]
[Source "ChessBase"]
[SourceQuality "1"]

{[%evp 9,116,6,2,0,0,-3,5,4,0,-24,-16,-38,-45,-40,-36,-68,-62,-82,-58,-85,-81,-76,-40,-51,-40,-40,-41,-49,-51,-49,-46,-54,-32,-41,-31,-84,-83,-76,-55,-58,-41,-43,-23,-57,-37,-63,-52,-55,-45,-62,7,4,16,0,23,10,5,14,14,15,23,-35,-41,-31,-10,-102,20,-12,-15,-14,-15,-74,-82,-294,-278,-283,-280,-1062,-1051,-1047,-1022,-1747,-1018,-1028,-979,-2041,-1981,-1510,0,-6291,-1557,-1602,-1552,-5289,-5293,-29983,-29984,-29984,-29985,-29985,-29986,-29983,-29984,-29988,-29989,-29989,-29990,-29998,-29999]} 1. d4 d5 2. Bf4 Nf6 3. Nc3 c6 4. e3 Bf5 5. Bd3 (5. f3 e6 6. g4 Bg6 7. h4 h5 8. g5 Nfd7 9. Bd3 Bxd3 10. Qxd3 g6 11. Nge2 Bg7 12. Bd6 {1-0 (49) Grandelius,N (2643)-Bologan,V (2640) Doha 2016}) 5... e6 6. Nge2 {D00: 1 d4 d5: Unusual lines} Bd6 7. Bg3 $146 ({Predecessor:} 7. Bxd6 Qxd6 8. Ng3 Bxd3 9. Qxd3 O-O 10. O-O e5 11. dxe5 Qxe5 12. e4 dxe4 13. Ngxe4 Na6 14. Rad1 Nxe4 15. Qxe4 Qxe4 16. Nxe4 Rfd8 17. a3 Kf8 18. g4 b6 19. f3 Nc7 {½-½ (19) Rozsa,P (2233)-Gjuran,D (2328) Hungary 2009}) 7... O-O 8. f3 {The position is equal.} Bxd3 9. Qxd3 c5 10. O-O Nc6 11. dxc5 Bxc5 12. Kh1 Rc8 13. Rfd1 Qe7 14. a3 Rfd8 15. Nd4 Bd6 16. Nxc6 Rxc6 17. Bxd6 Qxd6 18. Nb5 Qc5 19. Nd4 Rc7 20. Rac1 Nd7 21. Qe2 Ne5 22. e4 ({White should play} 22. a4 $15) 22... Rcd7 $17 23. exd5 Rxd5 24. c3 Nc4 25. f4 b5 26. Rf1 Nd6 27. Rce1 Nf5 28. Nf3 a5 29. g4 Ne7 {[#]} (29... Nd6 $1 $15) 30. f5 $1 $11 {[%mdl 512]} R8d6 (30... exf5 31. Qxe7) 31. a4 Qc6 32. axb5 Rxb5 33. Kg1 Qb7 34. Rf2 Rdb6 {[%cal Rb5b2]} 35. b4 (35. Qd1 $11 Rd5 36. Qa4) 35... axb4 $15 36. c4 Rc5 $36 {[%mdl 2048] White should prevent ...Qc7. Black has good play.} 37. Qd3 {[#]} (37. Qd1 $1 $11 Qc8 38. Ne5) 37... Rc8 (37... Qc7 $1 $17 {...Rd6 is the strong threat.} 38. fxe6 Rxe6 39. Rxe6 fxe6) 38. fxe6 (38. Ng5 $5 {[%cal Rf5e6]} h6 39. c5 $14) 38... Rxe6 39. Rxe6 fxe6 40. Ng5 (40. Qd6 $1 $11 {keeps the balance.} Ra8 41. Qxe6+ Kh8 42. Nd2) 40... Ng6 $17 41. Rf7 $2 (41. c5 $17) 41... Qb6+ $19 42. Kf1 {Hoping for Qd7.} Qc6 {And now ...Qh1+ would win.} 43. c5 $2 (43. Qd7 Qxc4+ 44. Kf2) 43... Qh1+ 44. Ke2 Qxh2+ 45. Kd1 Qg1+ 46. Kd2 Qg2+ 47. Ke1 Qh1+ 48. Ke2 Qh2+ $2 ({Better is} 48... Ra8 $19 {Threatens to win with ...Ra2+.} 49. Qb3 Qh2+ 50. Kd3 Rd8+ 51. Ke3 Qd2+ 52. Kf3 Qxg5) 49. Kf1 $2 {[%mdl 8192]} (49. Kd1 $11) 49... Ne5 (49... Ra8 $142 50. Rd7 Ra1+ 51. Qd1 Qh1+ 52. Ke2 Nf4+ 53. Ke3 Rxd1 54. Rxd1 Qxd1) 50. Qa6 Qh1+ 51. Kf2 Ra8 52. Ra7 Rf8+ {Black mates.} 53. Nf7 Qf3+ 54. Ke1 Qe3+ 55. Kd1 Nxf7 56. Qc6 Qb3+ 57. Ke2 Ne5 58. Qb7 Qd3+ {Precision: White = 29%, Black = 48%.} 0-1

[Event "88th GER-ch Men 2017"]
[Site "Apolda"]
[Date "2017.06.26"]
[Round "4"]
[White "Prenzler, Daniel"]
[Black "Schulz, Karsten"]
[Result "1/2-1/2"]
[WhiteElo "2210"]
[BlackElo "2264"]
[Annotator "TA"]
[PlyCount "45"]
[EventDate "2017.??.??"]
[EventType "swiss"]
[EventCountry "GER"]
[SourceTitle "playchess.com"]
[Source "ChessBase"]
[SourceQuality "1"]

{[%evp 20,45,22,25,22,28,33,33,34,44,40,22,29,37,27,4,6,4,26,11,68,17,19,0,54,0,0,0]} 1. e4 d6 2. d4 Nf6 3. Nc3 e5 4. Nf3 exd4 5. Nxd4 Be7 6. g3 O-O 7. Bg2 {C41: Philidor Defence} Re8 8. O-O Bf8 9. h3 (9. Bf4 Nbd7 10. Qd2 Ne5 11. Rad1 c6 12. h3 b5 13. b3 b4 14. Na4 c5 {1-0 (48) Vachier Lagrave,M (2731)-Rapport,R (2671) Biel 2015}) 9... c6 10. Nde2 Nbd7 11. g4 {[%cal Bg3g4,Bg4g5][%mdl 32] LiveBook: 3 Games} Nc5 {[%cal Rf6e4]} 12. Ng3 a5 13. a4 Qc7 14. g5 $146 Nfd7 15. b3 g6 16. Be3 b6 17. Qd2 Ba6 18. Rfe1 Rad8 19. Rad1 Bc8 ({Black should play} 19... f6 $11) 20. Rf1 ({Better is} 20. Nge2 $14) 20... Ba6 $11 21. Rfe1 Bc8 22. Rf1 (22. Nge2 $14) 22... Ba6 23. Rfe1 {Precision: White = 44%, Black = 35%.} 1/2-1/2

[Event "88th GER-ch Men 2017"]
[Site "Apolda"]
[Date "2017.06.26"]
[Round "4"]
[White "Schmitt, Philipp"]
[Black "Miller, Eduard"]
[Result "1/2-1/2"]
[WhiteElo "2174"]
[BlackElo "2319"]
[Annotator "TA"]
[PlyCount "49"]
[EventDate "2017.??.??"]
[EventType "swiss"]
[EventCountry "GER"]
[SourceTitle "playchess.com"]
[Source "ChessBase"]
[SourceQuality "1"]

{[%evp 13,49,18,53,43,55,59,65,42,76,79,79,67,60,58,57,34,47,0,41,21,77,71,88,72,72,72,74,58,138,110,226,117,104,0,222,0,106,0]} 1. e4 e5 2. Nf3 Nc6 3. Bc4 Nf6 4. d3 Be7 5. c3 O-O 6. O-O d6 7. Bb3 Kh8 8. Nbd2 {C55: Two Knights: 4 d3, 4 d4 exd4 5 e5 and Max Lange Attack} Ng8 (8... Nh5 9. d4 f5 10. dxe5 fxe4 11. Nd4 Nxe5 12. Nxe4 Nf4 13. Ng3 c5 14. Bxf4 Rxf4 15. Ne6 Bxe6 16. Bxe6 {1-0 (40) Gelfand,B (2729)-Navara,D (2719) Prague 2006}) 9. d4 exd4 10. Nxd4 {White is slightly better.} Na5 $146 ({Predecessor:} 10... Nxd4 11. cxd4 f5 12. e5 f4 13. Re1 Nh6 14. e6 d5 15. Nf3 c6 {½-½ (39) Asadli,V (2406)-Dervishi,E (2564) Baku 2016}) 11. Bc2 c5 12. Nf5 Bxf5 13. exf5 d5 14. Nf3 Nf6 15. Re1 Nc6 16. Bf4 d4 (16... Kg8 $11 {remains equal.}) 17. cxd4 $16 cxd4 18. Ba4 Bb4 19. Bd2 Bc5 20. Rc1 Qd6 (20... Bb6 $14) 21. Qc2 Nd7 (21... Bb6 $16) 22. Qe4 (22. Qb3 $18) 22... Nf6 23. Qc2 (23. Bf4 $16 Nxe4 24. Bxd6 Nxd6 25. Rxc5) 23... Nd7 $1 $18 24. Qe4 (24. Qb3 $18) 24... Nf6 $16 25. Qc2 {Precision: White = 36%, Black = 27%.} ({White should try} 25. Qd3 $16) 1/2-1/2

[Event "88th GER-ch Men 2017"]
[Site "Apolda"]
[Date "2017.06.26"]
[Round "4"]
[White "Heinert, Eugen"]
[Black "Hirneise, Jens"]
[Result "0-1"]
[WhiteElo "2151"]
[BlackElo "2328"]
[Annotator "TA"]
[PlyCount "62"]
[EventDate "2017.??.??"]
[EventType "swiss"]
[EventCountry "GER"]
[SourceTitle "playchess.com"]
[Source "ChessBase"]
[SourceQuality "1"]

{[%evp 12,62,21,17,37,31,33,-15,-22,-20,-15,-4,-9,-12,41,36,20,29,36,23,65,63,83,87,74,24,27,7,12,0,8,-30,-21,-32,-34,-70,-72,-316,-301,-295,-262,-840,-485,-637,-627,-615,-624,-1458,-1446,-29989,-29990,-29990,-29991]} 1. e4 c5 2. Nf3 d6 3. Bb5+ Bd7 4. Bxd7+ Nxd7 5. c4 Ngf6 {[%cal Bg8f6,Bf6d7,Bd7e5,Be5c6,Bc6d4][%mdl 32]} 6. Nc3 Ne5 7. O-O {LiveBook: 8 Games. B52: Sicilian: Moscow Variation with 3...Bd7} Nxf3+ $146 ({Predecessor:} 7... e6 8. Qe2 Be7 9. Rd1 Qc7 10. b3 a6 11. Bb2 O-O 12. d4 cxd4 13. Rxd4 Rab8 14. Rad1 Rfc8 {½-½ (33) Anastasian,A (2588)-Sargissian,G (2514) Yerevan 2001}) 8. Qxf3 Nd7 9. e5 {White is slightly better.} Nxe5 10. Qxb7 Qc8 11. Qe4 f5 12. Qe2 e6 ({Black should try} 12... g6 $11) 13. Re1 Kf7 14. b3 Nc6 15. Bb2 Nd4 16. Qd3 Be7 {[%cal Bf8e7,Be7f6,Bf6e5][%mdl 32]} 17. Ne2 e5 18. f4 {[%cal Re2d4]} Bf6 19. fxe5 dxe5 20. Nc3 e4 21. Qb1 Re8 {[%cal Bh8e8,Be8e6,Be6g6][%mdl 32]} 22. Nd5 Qc6 23. Bc3 Be5 $36 {[%mdl 2048] Black is really pushing.} 24. Ne3 $2 {[#]} (24. Re3 $17) 24... Qh6 $19 25. Nf1 Re6 26. Qb2 $2 (26. Kh1) 26... Rae8 27. Re3 Rg6 28. Kh1 f4 {[%cal Bf5f4,Bf4f3][%mdl 32]} 29. Rxe4 {intending d3.} f3 30. g3 Qh3 {[%csl Gf3][%cal Rh3g2]} 31. d3 Ne2 {Precision: White = 43%, Black = 77%.} 0-1

[Event "88th GER-ch Men 2017"]
[Site "Apolda"]
[Date "2017.06.26"]
[Round "4"]
[White "Middelhoff, Cornelius"]
[Black "Kersten, Uwe"]
[Result "0-1"]
[WhiteElo "2131"]
[BlackElo "2257"]
[Annotator "TA"]
[PlyCount "106"]
[EventDate "2017.??.??"]
[EventType "swiss"]
[EventCountry "GER"]
[SourceTitle "playchess.com"]
[Source "ChessBase"]
[SourceQuality "1"]

{[%evp 16,106,37,38,77,60,60,62,60,35,40,19,10,-26,-12,-25,-15,-22,-31,-21,-26,-66,-72,-84,-78,-77,-81,-106,-36,-71,0,-83,-32,-35,-32,-26,-21,-41,-33,-41,-34,-45,-34,-64,-61,-78,-63,-108,-66,-129,-129,-129,-129,-129,-129,-158,-144,-171,-149,-218,-155,-218,-218,-218,-218,-174,-175,-258,-226,-258,-258,-270,-270,-433,-433,-433,-419,-598,-603,-542,-432,-1040,-1021,-1568,-1560,-1235,-1180,-29963,-29964,-1000,-6339,-6187,-4902]} 1. d4 Nf6 2. c4 c5 3. d5 b5 4. cxb5 a6 5. bxa6 g6 6. Nc3 Bxa6 7. g3 d6 8. Bg2 Bg7 9. Nf3 Nfd7 {[%cal Bf6d7,Bd7b6,Bb6c4][%mdl 32] A58: Benko/Volga Gambit: Lines with 5 bxa6} (9... Nbd7 10. Rb1 Nb6 11. b3 Bc8 12. Nh4 h6 13. Qd3 Qd7 14. O-O g5 15. Nf3 Qf5 16. e4 Qg6 17. Re1 O-O 18. Bb2 {1-0 (56) Jojua,D (2575)-Pantsulaia,L (2607) Tbilisi 2017}) 10. O-O Nb6 11. Re1 N8d7 {White is slightly better.} 12. Rb1 O-O 13. e4 Nc4 14. Qc2 Qa5 15. Rd1 (15. Bd2 $5) 15... Rfb8 16. Bd2 Nxd2 17. Nxd2 Ne5 {...Bd3 is the strong threat.} 18. Nb3 {[%cal Bd2b3,Bb3c1,Bc1d3][%mdl 32]} Qb4 {[%mdl 1024] Black has compensation.} 19. Nc1 Nc4 {[%cal Rc4b2]} 20. Nd3 {[#]} Qa5 $1 21. Rbc1 $146 ({Predecessor:} 21. Rdc1 Rb7 {0-1 (76) Klein,B (2137)-Muschik,B (2226) Saerbeck 2008}) 21... Bh6 (21... Bc8 $17 22. a4 {[#]} Nxb2 $1 {[%mdl 512]} 23. Nxb2 Qxc3 24. Qxc3 Bxc3 25. Rxc3 Rxb2) 22. Ra1 Bg7 {Threatens to win with ...Nxb2!} 23. Rac1 Ne5 ({Better is} 23... Nxb2 $17 24. Nxb2 Bxc3 25. Qxc3 Qxc3 26. Rxc3 Rxb2) 24. Nxe5 $15 Bxe5 25. Rd2 Rb4 26. Bf1 Bxf1 27. Kxf1 Rab8 $36 {[%mdl 2048] Black is pushing.} 28. b3 $1 c4 {[%cal Rc4b3]} 29. Nd1 cxb3 30. axb3 {[#]} Rxe4 $1 {[%mdl 512]} 31. Ne3 (31. Qxe4 Qxd2) 31... Reb4 32. Rb1 {[#]} (32. Rd3 $15) 32... Rxb3 $1 $17 {[%mdl 512]} 33. Rxb3 Rxb3 34. Qxb3 Qxd2 35. Qb7 Bf6 36. Kg2 h5 37. h4 (37. Qc8+ $17 Kg7 38. Qc2) 37... Qe2 38. Qc8+ (38. Qb6 $17) 38... Kg7 $19 39. Qc4 Qxc4 40. Nxc4 {[%mdl 4096] Endgame KB-KN} Bd4 41. Kf3 (41. f3 {was necessary.}) 41... Bc5 42. Ke2 Kf6 43. f4 e6 {[%cal Be7e6,Be6d5][%mdl 32]} 44. Kf3 $2 (44. dxe6 fxe6 45. Kf3) 44... exd5 45. Nb2 Ke6 46. Nd3 (46. g4 {only move.}) 46... f5 47. Ke2 Kd7 48. Ke1 (48. Ne1 $142 Kc6 49. Nf3) 48... Kc6 49. Kf1 Kb5 50. Ke2 Kc4 51. Nb2+ Kc3 52. Nd3 Bg1 53. Ne1 d4 {Precision: White = 25%, Black = 67%.} 0-1

[Event "88th GER-ch Men 2017"]
[Site "Apolda"]
[Date "2017.06.26"]
[Round "4"]
[White "Goepfert, Jakob"]
[Black "Engel, Luis"]
[Result "0-1"]
[WhiteElo "2099"]
[BlackElo "2321"]
[Annotator "TA"]
[PlyCount "72"]
[EventDate "2017.??.??"]
[EventType "swiss"]
[EventCountry "GER"]
[SourceTitle "playchess.com"]
[Source "ChessBase"]
[SourceQuality "1"]

{[%evp 20,72,29,33,30,10,29,0,0,0,0,-4,10,0,19,0,21,0,-7,-8,-6,-4,-15,-4,-7,-7,-7,-7,-7,-7,0,0,-2,-13,-14,-27,-21,-31,-31,-71,-59,-88,-79,-81,-82,-69,-76,-152,-137,-157,-159,-543,-531,-541,-532]} 1. d4 Nf6 2. Nf3 g6 3. g3 Bg7 4. Bg2 O-O 5. O-O d6 6. c4 Nc6 7. Nc3 e5 8. dxe5 Nxe5 9. Nxe5 dxe5 10. Qxd8 Rxd8 11. Bg5 {[#] Strongly threatening Ne4.} Rd7 {E62: King's Indian: Fianchetto: 6...c6 and Panno Variation (6...Nc6) without ...a6} 12. Rad1 (12. h3 c6 13. Rac1 Ne8 14. b4 Rd4 15. b5 Rxc4 16. bxc6 bxc6 17. Nd5 Rxc1 18. Ne7+ Kf8 19. Rxc1 Bf6 20. Nxc8 Bxg5 21. Rxc6 Rb8 22. e3 Bd8 23. Bf1 a5 24. a4 Bc7 25. Na7 Ke7 26. Rxc7+ {1-0 (26) Nisipeanu,L (2668)-Vocaturo,D (2576) Ortisei 2016}) 12... c6 13. Rxd7 Bxd7 {The position is equal.} 14. Rd1 {Bxf6 is the strong threat.} Be6 15. b3 Kf8 $146 ({Predecessor:} 15... h6 16. Bc1 Bf8 17. Bb2 Be7 18. e3 Ne8 19. Ne2 {0-1 (49) Fobian,E (1544)-Stellwagen,R (1831) Hamburg 2002}) 16. Be3 h6 17. Kf1 Ke7 18. Ke1 Bf8 19. Na4 Nd7 20. Nc5 Nxc5 21. Bxc5+ Ke8 22. Bxf8 Kxf8 $11 {[%mdl 4096] Endgame KRB-KRB} 23. Kd2 Ke7 24. Kc3 a5 25. a3 g5 26. Rd2 h5 {[%cal Bh6h5,Bh5h4][%mdl 32]} 27. Rd1 h4 28. Be4 f5 29. Bg2 Rh8 30. Rh1 Kf6 31. e3 Rd8 32. Bf3 e4 33. Bd1 ({White should try} 33. Be2) 33... Rd3+ $17 34. Kc2 {[#]} a4 $1 {[%cal Ra4b3][%mdl 512]} 35. b4 $2 (35. bxa4 $17 {was the crucial defense.} Rxa3 36. Kd2) 35... Bxc4 $19 36. Be2 Bb3+ {Precision: White = 29%, Black = 77%.} 0-1